Statistics for Movies that Contain US City Names

Click here to take the quiz!

General Stats

  • This quiz has been taken 693 times
  • The average score is 12 of 20

Answer Stats

Movie TitleCity% Correct
Gangs of ___ ____New York
97%
Sleepless in _______Seattle
96%
_____ ViceMiami
95%
Fear and Loathing in ___ _____Las Vegas
87%
_________'s WebCharlotte
80%
Maid in _________Manhattan
79%
The ______ StranglerBoston
75%
Mr Smith goes to __________Washington
75%
Crocodile Dundee in ___ _______Los Angeles
68%
3:10 to ____Yuma
64%
The Spirit of __ _____St. Louis
57%
The ____________ ExperimentPhiladelphia
53%
Homeward Bound II: Lost in ___ _________San Francisco
53%
Rumble in the _____Bronx
50%
The Flight of the _______Phoenix
47%
Love and Action in _______Chicago
44%
The Flame of ___ _______New Orleans
33%
The __________ KidCincinnati
29%
Last Exit to ________Brooklyn
27%
The _________ BulletBaltimore
17%

Score Distribution

Percentile by Number Answered

Percent of People with Each Score

Your Score History

You have not taken this quiz